000 01394nam0a2200349 4500
001 RU\NLR\bibl\1095841
005 20250615053837.0
010 _a5-98007-013-3
_92000
021 _aRU
_b2007-51578
_92730
035 _a(nilc)EL/0000052282
035 _a(NLR Aleph) 001082956
090 _a1070112
_c1070112
100 _a20060228d2005 |||y0rusy50 ca
101 0 _arus
102 _aRU
105 _aab z |||||
200 1 _aЧереповесь: от эры динозавров до средневековья
_eкнига для чтения
_f[Кудряшов А. В. и др.
_gпредисл. Кудряшова А. В. ]
210 _aЧереповец
_cПорт-Апрель
_d2005
215 _a147 с.
_cил., карт.
_d22
225 1 _aИстория Череповца
320 _aБиблиогр.: с. 144-145
607 _aЧереповецкий район (Вологодская область)
_xАрхеология
_92478803
_3RU\NLR\auth\661471660
686 _a63.4(2Рос-4Вол)
_vLBC/RL
_2rubbk
686 _aТ4(2Р31-4Вол-2Че)
701 1 _aКудряшов
_bА. В.
_gАлександр Валентинович
_4070
801 0 _aRU
_bВологодская ОУНБ
_c20060228
801 1 _aRU
_bВологодская ОУНБ
_c20060228
801 2 _aRU
_bNLR
_c20070607
_grcr
942 _cBOOK
980 _aNB
980 _aNBR